书目信息 |
| 题名: |
热能管理技术
|
|
| 作者: | ;吴永宽 , 苗艳秋 译 ;日本热能技术协会 编著 | |
| 分册: | ||
| 出版信息: | 北京 煤炭工业出版社 1984 |
|
| 页数: | 540页 | |
| 开本: | 21cm | |
| 丛书名: | ||
| 单 册: | ||
| 中图分类: | TK11 | |
| 科图分类: | ||
| 主题词: | 热能 | |
| 电子资源: | ||
| ISBN: | ||
| 000 | 00756nam0 2200265 45 | |
| 001 | 0184016238 | |
| 005 | 20040520155126.2 | |
| 010 | @b精装@dCNY3.50 | |
| 091 | @a15035.2590 | |
| 100 | @a19950622d1984 em y0chiy0121 ea | |
| 101 | 1 | @achi@cjpn |
| 102 | @aCN@b110000 | |
| 105 | @ay z 000yy | |
| 106 | @ar | |
| 200 | 10 | @a热能管理技术@Are neng guan li ji shu@f日本热能技术协会编著@g吴永宽,苗艳秋译 |
| 210 | @a北京@c煤炭工业出版社@d1984 | |
| 215 | @a540页@d21cm | |
| 606 | 0 | @a热能 |
| 690 | @aTK11 | |
| 702 | 0 | @a吴永宽@Awu yong kuan@4译 |
| 702 | 0 | @a苗艳秋@Amiao yan qiu@4译 |
| 711 | 02 | @a日本热能技术协会@Ari ben re neng ji shu xie hui@4编著 |
| 801 | 0 | @aCN@b上海图书馆@c20040520 |
| 801 | 2 | @aCN@bNLC@c20040520 |
| 905 | @f1@b162132@dTK11@e27 | |
| 热能管理技术/日本热能技术协会编著/吴永宽,苗艳秋译.-北京:煤炭工业出版社,1984 |
| 540页;21cm |
| ISBN (精装):CNY3.50 |
| ● |
| 相关链接 |
|
|
|
|
正题名:热能管理技术
索取号:TK11/27
 
预约/预借
| 序号 | 登录号 | 条形码 | 馆藏地/架位号 | 状态 | 备注 |
| 1 | 0162132 | 001366131 | 第三借阅区/ [索取号:TK11/27] | 在馆 | |
| 2 | 0162133 | 001366177 | 第二样本阅览室/ [索取号:TK11/27] | 在馆 |